La Provincia en el sistema constitucional / Ignacio Borrajo Iniesta ... [et al.] ; dirigido por: Rafael Gómez-Ferrer Morant Rafael Gómez-Ferrer Morant
ISBN:
84-7398-866-3
Descripción Física:
663 p. ; 25 cm
MARC
| LEADER | 00000nam a2200000Ia 4500 | ||
|---|---|---|---|
| 001 | 13628 | ||
| 008 | 160829s1991 xx 000 0 cat d | ||
| 020 | |a 84-7398-866-3 | ||
| 080 | |a M-4-11 | ||
| 245 | |a La Provincia en el sistema constitucional / Ignacio Borrajo Iniesta ... [et al.] ; dirigido por: |b Rafael Gómez-Ferrer Morant | ||
| 260 | |a Madrid : |b Civitas ; Barcelona : |b Diputació de Barcelona, |c 1991 | ||
| 300 | |a 663 p. ; |c 25 cm | ||
| 590 | |a Bibliografia | ||
| 650 | 0 | |a Administració provincial |z Espanya |9 3648 | |
| 650 | |a Dret constitucional |x Espanya |9 44633 | ||
| 651 | 0 | |a Espanya |x Divisions administratives i polítiques |9 54247 | |
| 700 | |a Borrajo Iniesta, Ignacio |9 27212 |e autor | ||
| 700 | |a Gómez-Ferrer Morant, Rafael |e editor literari |9 45978 | ||
| 710 | 1 | |a Barcelona (Catalunya : Província). |b Diputació |9 52408 | |
| 901 | |a Arxiu | ||
| 942 | |n 1 |2 udc | ||
| 952 | |0 0 |1 0 |4 0 |6 M411 |7 1 |9 44312 |a Arxiu |b Arxiu |d 2016-12-01 |l 0 |o M-4-11 |p 13628 |r 2016-12-01 00:00:00 |w 2016-12-01 |y ARXIU | ||
| 999 | |c 46892 |d 46892 | ||